000 00297nam a2200121Ia 4500
008 190216s9999||||xx |||||||||||||| ||und||
100 _aWilliam C Y Lee
245 0 _aMobile Cellular Telecommunications
260 _bTata Mcgrawhill Publishers
300 _a664
650 _aPhysics
942 _cBK
999 _c34153
_d34153